000 00378 a2200145 4500
005 20250128114125.0
008 250128b |||||||| |||| 00| 0 eng d
020 _a9781859469132
082 _a729/LES170
100 _aLeslie M
_9211153
245 _aSqueezing It In:Designing For Compact Spaces
260 _bRiba Publishing
_c2022
_a170P
300 _a170P
_bHB
942 _cBK
999 _c364884
_d364884